000 01305nam0a2200361 4500
001 RU\NLR\bibl\422844
005 20250622174132.0
010 _a5-93720-018-7
_91000
021 _aRU
_b2003-28441
_91328
035 _a(NLR Aleph) 000416759
090 _a669415
_c669415
100 _a20030717d2002 |||y0rusy50 ca
101 0 _arus
102 _aRU
105 _aa |||||||||
200 1 _aЭкономика социальной сферы: актуальные проблемы
_fК. Э. Лайкам
210 _aМ.
_cИн-т предпринимательства и инвестиций
_d2002
215 _a247 с.
_cил.
_d20
320 _aБиблиогр.: с. 241-243
606 0 _aСоциальная сфера
_xЭкономика
_yРоссийская Федерация
_92301038
_3RU\NLR\auth\661377630
610 0 _aСоциальная политика Российской Федерации
610 0 _aСоциальная сфера - Экономика
675 _a338.46
_v3
_zrus
686 _a06.75
_2rugasnti
686 _a65.01
_2rubbk
686 _aУ49(2)
700 1 _aЛайкам
_bК. Э.
_4070
801 0 _aRU
_bRKP
_c20030717
_gPSBO
801 1 _aRU
_bRKP
_c20030717
801 2 _aRU
_bNLR
_c20030915
_grcr
942 _cBOOK
980 _aNB